| 000 | 00979cam a22003137a 4500 | ||
|---|---|---|---|
| 003 | CHAP | ||
| 005 | 20220329134351.0 | ||
| 008 | 971013s1980 r 00010 d | ||
| 010 | _a19435 | ||
| 011 | _a20407 | ||
| 035 | _a24495 | ||
| 040 | _cCHAP | ||
| 090 | _aD-61 | ||
| 110 | 2 |
_aThe American Phytophatological Society. St. Paul, Minn. _9112621 |
|
| 245 | 1 | 0 | _aSyllabus for strawberry diseases (Diapositiva) |
| 260 |
_a(s.l.) : _bAmerican Phytophatological Society, _c1980 |
||
| 300 | _a30 diapositvas col. 2 x 2 plg. | ||
| 490 | 0 |
_aDisease of plant _v; 27 |
|
| 500 | _aNota explicativa 3 p. | ||
| 590 |
_aBATCH-UPD _b10 _c20130109 _lUCH01 _h2328 |
||
| 590 |
_aBATCH-UPD _b10 _c20130110 _lUCH01 _h1911 |
||
| 590 |
_aCONVERSION _b10 _c20130109 _lUCH01 _h1312 |
||
| 650 | 1 | 4 |
_aFresa _xEnfermedades. _943202 |
| 700 | 0 |
_aMacnab, Alan A. _969486 |
|
| 830 | 0 |
_aDisease of plant _v; 27 _932721 |
|
| 901 | _aBK | ||
| 942 | _cD | ||
| 949 |
_aD-61 _bBC _cD _d-56413 _eD _h59126 _i24495 _si |
||
| 999 |
_c19435 _d19435 |
||